All Bloons Games - Statistics

General Stats
  • This quiz has been taken 2 times
  • The average score is 6 of 28
Answer Stats
Released Game % Correct
2007 Bloons
100%
2009 Bloons TD 4
100%
2011 Bloons TD 5
100%
2018 Bloons TD 6
100%
2007 Bloons Tower Defense
100%
2010 Bloons 2
50%
2018 Bloons Adventure Time TD
0%
2009 Bloons Blast
0%
2026 Bloons Blitz
0%
2024 Bloons Card Storm
0%
2009 Bloons Festive Fun
0%
2014 Bloons Monkey City
0%
2007 Bloons Player Pack
0%
2007 Bloons Player Pack 2
0%
2008 Bloons Player Pack 3
0%
2008 Bloons Player Pack 4
0%
2008 Bloons Player Pack 5: Christmas Ed
0%
2021 Bloons Pop!
0%
2010 Bloons Super Monkey
0%
2013 Bloons Super Monkey 2
0%
2012 Bloons TD Battles
0%
2021 Bloons TD Battles 2
0%
2007 Bloons Tower Defense 2
0%
2008 Bloons Tower Defense 3
0%
2008 Even more Bloons
0%
2008 Hot Air Bloon
0%
2007 More Bloons
0%
2011 Who Wants To Be A Bloonionaire?
0%
No matching quizzes found
Score Distribution
Percent of People with Each Score
Percentile by Number Answered
Your Score History
You have not taken this quiz